000 01731nam a2200517 i 4500
001 54228
003 KOSZ 005
005 20240405063204.0
008 070516s2007 pl a f |000 0 pol
015 _aPB 2007/21857
035 _a(PL-WaBN)b19100589-48omnis_nlop
035 _ab19100589
035 _a(OCoLC)749160901
035 _a(PL)b0000019100589
040 _aWA N
_cWA N
_dKOSZ 005/HR
041 0 _apol
_beng
_brus
046 _k2007
080 _a658.7
080 _a658.818
080 _a005.51(438)
100 1 _aDobrzyński, Maciej Dariusz.
_eAutor
245 1 0 _aStrategie obsługi klienta w zarządzaniu łańcuchem dostaw /
_cMaciej Dariusz Dobrzyński.
260 _aBiałystok :
_bWydawnictwo Politechniki Białostockiej,
_c2007.
300 _a245 s. :
_bil. ;
_c23 cm.
336 _2rdacontent
_aTekst
_btxt
337 _2rdamedia
_aBez urządzenia pośredniczącego
_bn
338 _2rdacarrier
_aWolumin
_bnc
380 _aKsiążki
380 _aPublikacje naukowe
388 _a2001
490 1 _aRozprawy Naukowe / Politechnika Białostocka,
_x0867-096X ;
_vnr 141
504 _aBibliogr. s. 227-240.
546 _aStreszcz. ang., ros.
658 _aTransport i logistyka
658 _aZarządzanie i marketing
648 4 _a1901-2000
651 4 _aPolska
650 7 _aLogistyka gospodarcza
_2DBN
650 7 _aŁańcuch dostaw
_2DBN
648 4 _a1989-2000
650 7 _aObsługa klienta
_2DBN
830 0 _aRozprawy Naukowe - Politechnika Białostocka,
_vnr 141
856 _uhttp://koha.tu.koszalin.pl/cgi-bin/koha/opac-detail.pl?biblionumber=54228
_yKatalog online BPK
942 _2UKD
_cKS
999 _c54228
_d54228